| 000 | 00484nam a2200169Ia 4500 | ||
|---|---|---|---|
| 999 |
_c37567 _d37567 |
||
| 003 | OSt | ||
| 005 | 20200929145346.0 | ||
| 008 | 190216s9999||||xx |||||||||||||| ||und|| | ||
| 040 | _coclc | ||
| 082 |
_a590 _bVIJ/J |
||
| 100 |
_aVijayakrishnan, K P _95162 |
||
| 245 | 0 |
_aJanthusasthrapravesam / _cK P Vijayakrishnan |
|
| 260 |
_bKerala Bhasha Institute, _c1971. _aTrivandrum: |
||
| 300 | _a218p | ||
| 650 | _aZoology | ||
| 942 |
_cBK _2ddc _h590 _iVIJ/J _k590 _mVIJ/J |
||